000 00340nam a22001457a 4500
003 OSt
020 _a1861005156
040 _c0
082 _222
_a005.7585
100 _aStones, Richard and Mathew, Neil.
245 _aBeginning database with postgreSQL /
260 _aUK,
_bWrox,
_cc2001.
300 _axi, 567. ;
_bill. ;
942 _2ddc
_cIT
999 _c4383
_d4383